| 000 | 01210nam a2200349 i 4500 | ||
|---|---|---|---|
| 001 | 57528 | ||
| 003 | CO-BoRNBP | ||
| 005 | 20250710120810.0 | ||
| 007 | ta | ||
| 008 | 231207r20202023ck a|||br|||| 00| p spa d | ||
| 020 | _a9786289549782 | ||
| 040 |
_aCO-BoRNBP _bspa _erda _cCO-BoRNBP |
||
| 041 | 0 | _aspa | |
| 043 | _as-ck--- | ||
| 084 | _aP POS10 | ||
| 100 |
_aPosada Saldarriaga, Pilar, _d1953- _958528 |
||
| 245 | 1 | 0 |
_aDe los pies a la cabeza _bjuega conmigo _cPilar Posada ; ilustraciones de Juliana Salcedo Reyes |
| 250 | _aPrimera edición | ||
| 250 | _aSegunda edición | ||
| 264 | 1 |
_aBogotá, Colombia _bCataplum Libros _c2020 _c2023 |
|
| 300 |
_a32 páginas sin numerar _bilustraciones a color _c18 cm |
||
| 336 |
_atexto _btxt _2rdacontent |
||
| 337 |
_asin mediación _bn _2rdamedia |
||
| 338 |
_avolumen _bnc _2rdacarrier |
||
| 521 | 1 | _aRecomendado para un público infantil a partir de los 6 años. | |
| 650 | 1 | 0 |
_aJuegos en la literatura. _2LEMB _92394 |
| 650 | 1 | 0 |
_aFamilia en la litaratura _2LEMB _960947 |
| 650 | 1 | 7 |
_aPoesía infantil colombiana _ySiglo XXI _2LEMB _91772 |
| 650 | 1 | 7 |
_aLiteratura infantil colombiana _2LEMB _934 |
| 700 |
_aSalcedo Reyes, Juliana _958531 |
||
| 942 |
_2loc _cBKLITI |
||
| 999 |
_c57528 _d57528 |
||